Zahlen-Labyrinth - Sudden Death - Statistiken

Allgemein
  • Dieses Quiz wurde 1.124 mal gespielt
    1.123 seit der letzten Aktualisierung
  • Das Durchschnittsergebnis liegt bei 10 aus 18
Answers on the Grid
Answers color-coded by a green-red scale on the quiz's grid according to % correct below.
19
6
14
2
13
9
17
3
16
6
4
14
11
6
2
5
1
15
18
12
7
2
6
14
11
17
11
3
4
3
16
4
9
11
12
18
19
6
19
5
1
2
4
12
3
2
8
7
4
15
 
Antwortstatistiken
Antwort % Korrekt
19
95%
17
73%
11
70%
1
62%
15
60%
9
60%
7
57%
3
56%
11
55%
17
55%
5
54%
3
51%
9
50%
11
47%
19
44%
5
38%
3
37%
15
35%
Keine übereinstimmenden Quizze gefunden
Verteilung der Resultate
Anzahl Personen mit jedem Resultat
Perzentil nach korrekt beantworteten Fragen
Ihre Resultats-Entwicklung
Sie haben dieses Quiz seit der letzten Aktualisierung nicht gespielt